[Event "Dortmund SuperGM"]
[Site "Dortmund"]
[Date "2000.07.12"]
[Round "5"]
[White "Leko, Peter"]
[Black "Bareev, Evgeny"]
[Result "1-0"]
[WhiteElo "2743"]
[BlackElo "2702"]
[Annotator "Lukacs,P"]
[PlyCount "99"]
[EventDate "2000.07.07"]
[EventType "tourn"]
[EventRounds "9"]
[EventCountry "GER"]
[EventCategory "17"]
[SourceTitle "CBM 078"]
[Source "ChessBase"]
[SourceDate "2000.10.18"]
[SourceVersion "1"]
[SourceVersionDate "2000.10.18"]
[SourceQuality "1"]

1. e4 c6 2. d4 d5 3. Nc3 dxe4 4. Nxe4 Bf5 5. Ng3 Bg6 6. h4 h6 7. Nf3 Nf6 8. Ne5
Bh7 9. Bd3 Nbd7 $5 {This is a rather new idea allowing White to take on h7.} ({
The "natural"} 9... Bxd3 {is the main line.} 10. Qxd3 Nbd7 $5 (10... e6) 11.
Ng6 $5 {By this tactical operation White exchanges his centralized N for an
undeveloped B, so Black's position cannot be that waful.} (11. f4 e6 12. Bd2 {
- 10..e6 11.Bd2 Nbd7 12.f4}) 11... Nc5 $5 (11... Rg8 12. Nxf8 (12. Bd2 e6 13.
Nxf8 Nxf8 ({Why not} 13... Rxf8) 14. O-O-O Qd6 15. Rhe1 O-O-O 16. Qb3 Ng6 17.
h5 Nh4 $1 (17... Nf4 18. Qf3 N4d5 19. c4 $14 {and the N has to leave the [+],
Mkuev-Shovunov, Elista 1999.})) 12... Nxf8 13. Bf4 e6 14. O-O-O $14) 12. Qc4 (
12. dxc5 $6 Qxd3 13. cxd3 fxg6 $13 {and both P structures are bad.}) (12. Qe2
fxg6 13. dxc5 Qd5 $13) 12... fxg6 13. Qxc5 e6 14. Qe5 $1 (14. Qc4 Qd5 15. Qd3
Kf7 16. O-O Rd8 $13 {Kasimdzhanov}) 14... Qd5 {is now met by the natural
developing move} (14... Qd6 15. Bf4) 15. Bf4 $1 {and Black's P structure
remains compromitted.} Rd8 16. O-O Be7 17. Rfe1 Qxe5 (17... Qxd4 18. Qxe6 $14)
18. Bxe5 $14) 10. Bxh7 (10. f4 $6 e6 (10... Bxd3 11. Qxd3 e6 {leads to the
main lines of the variation.}) 11. Bxh7 Nxh7 (11... Rxh7 12. Qd3 Rh8 $14) 12.
Be3 (12. Qf3 Be7) (12. Qd3 Be7) 12... Be7 13. Qf3 Qa5+ (13... Bxh4 $5 {bravely
takes the P leaving his K in the middle.} 14. Nxd7 Kxd7 15. O-O-O Bxg3 16. Qxg3
Qf6) 14. c3 Qd5 15. Qe2 Nhf6 16. O-O Ne4 (16... O-O 17. c4 Qd6 18. Rae1) 17.
Qf3 Nd6 18. Qg4 Nf6 19. Qh3 g6 20. h5 Nxh5 21. Nxh5 gxh5 22. Qxh5 Rg8 23. Qh3
f6 24. Nf3 Qf5 $15 {Sulipa-Hauchard, Gontreville Master 1999}) 10... Nxe5 $1 {
This intermediate move is Black's main idea.} (10... Rxh7 11. f4 $14 {is not a
real achievement for Black}) 11. dxe5 $5 (11. Bf5 Ned7 {White has got the ^^,
but in this CK structure this is not a big deal.} 12. Bd3 (12. Qe2 e6 13. c3 (
13. Bd3 Qa5+ (13... Qc7) 14. c3 (14. Bd2 $6 Qd5) 14... O-O-O) 13... Bd6) (12.
Bf4 $6 e6 13. Bd3 Qb6) (12. O-O e6 13. Re1 Qc7 (13... Be7 14. Bd3 O-O 15. c3 c5
) 14. Bd3 O-O-O $13) 12... e6 13. Qe2 Qc7 14. Bd2 O-O-O 15. O-O-O c5 16. dxc5
Nxc5 17. Be3 Bd6 18. Kb1 Bf4 19. Bxc5 Qxc5 20. Ne4 Nxe4 $11 {with complete
equality because of the ^-, Fontaine-Magem Badals, FRA-chT 1998.}) 11... Qa5+ (
11... Qxd1+ $6 12. Kxd1 Ng4 {leads to material advantage for White:} 13. Be4
Nxf2+ 14. Ke2 Nxh1 15. Nxh1 e6 16. Be3 $16) (11... Nxh7 $6 {is very passive.}
12. e6 $1 {hindering Black's development.} Qxd1+ 13. Kxd1 O-O-O+ 14. Ke2 fxe6
15. Be3 Kb8 (15... g6 16. Bxa7 Bg7 17. c3) 16. h5 Rg8 17. Rad1 $14) 12. Kf1
Nxh7 13. Qe2 (13. e6 $5 {corruptes Black's P structure, but allows him to
develop his pieces quickly.} fxe6 14. Qe2 Nf6 15. Qxe6 Rd8) 13... O-O-O {
against Bd2} (13... e6 14. Bd2 Qc7 15. Bc3 (15. Bf4 $5 O-O-O 16. Ne4 Nf6 $1 17.
Nd6+ Bxd6 18. exd6 Qa5 19. Rh3 Nd5 20. Bh2 $14 {keeping the stronghold on d6.})
15... O-O-O 16. Ne4 Kb8 17. g3 $14 {/\ Kg2 and the N is out of play on h7.})
14. e6 $1 ({Other tries are less adequate:} 14. Bf4 $6 Qb4) ({or} 14. c3 $6 e6
15. Bf4 Be7 16. Ne4 g5 $1 17. hxg5 hxg5 18. Bg3 (18. Bh2 Nf8 19. Kg1 Ng6) 18...
Nf6 $1) 14... Qd5 $1 (14... fxe6 15. Qxe6+ Rd7 16. c4 Nf6 17. h5 $14 {and
Black has serious problems with his P structure and >> development.}) 15. exf7
(15. Bf4 $5 fxe6 (15... Qxe6 16. Qxe6+ fxe6 17. Re1 Nf6 {- 15...fxe6}) 16. Re1
(16. Kg1 Nf6) 16... Nf6 (16... Qxa2 $6 17. Qe5 Rd6 18. Ne4 Qc4+ (18... Nf6 19.
Nxd6+ exd6 20. Qxe6+ Qxe6 21. Rxe6 $16) 19. Kg1 Kd7 20. b3 $1) 17. Qxe6+ Qxe6
18. Rxe6 Nd5 19. Bd2 Kd7 20. Re4 $14 {with the better P structure for White.})
15... Qxf7 16. Be3 a6 (16... Kb8 17. Rd1 $16 (17. Bxh6 $2 {falls into the trap
after} gxh6 18. Qe5+ Kc8 19. Qxh8 Nf6 $17 {and the Q will die.})) 17. b4 $5 {
White wants to attack with his pawns on the <<.} (17. Bb6 Rd7 (17... Rd5 18. c4
Rd7 19. Ne4 $36) 18. Ne4 (18. Rd1 Nf6) 18... e6 (18... Nf6 19. Nc5 Rd6 20. Rh3
Nd5 21. Rb3 {throwing the R to the <<.}) 19. g3 Nf6 20. Kg2 Nd5 21. Bc5 $14 {
>< e6}) 17... e6 18. Bb6 Rd7 (18... Rd5 19. Rb1 Nf6 20. c4 {helps only for
White.}) 19. Rb1 Nf6 20. c4 Bd6 21. Rh3 Bf4 (21... Rf8 22. Ne4 Nxe4 23. Qxe4
Qe7 (23... Be7 24. Rf3 $14) 24. b5 Rf4 25. Qc2 $14 {with attacking chances on
the <<.}) 22. Rb2 (22. Ne4 $1 Nxe4 23. Qxe4 Rf8 24. b5 axb5 25. cxb5 Qf5 26.
Qxf5 Rxf5 27. bxc6 bxc6 28. Rc3 Rd2 29. g4 $14) 22... Qg6 23. b5 Qd3 $1 $13 (
23... axb5 {opens up the lines against his own K.} 24. cxb5 Qd3 25. bxc6 bxc6
26. Kg1 Qd1+ 27. Nf1 $16) 24. bxc6 bxc6 25. Kg1 $1 Qxe2 (25... e5 26. Nf1 Qxe2
27. Rxe2 Rd1 $13) 26. Rxe2 Rd1+ (26... Rb7 27. Be3 (27. c5 {walls up the B.}
Kd7 28. Ne4 Nd5 29. Rb3 Rhb8 30. a4 Nxb6 31. cxb6 Rxb6) 27... Bxe3 28. Rxe3 Rd8
$11) 27. Nf1 Ng4 $1 (27... Re8 {allows White to bring out his R.} 28. Ra3 Ng4
29. g3 $14) 28. Rxe6 h5 $5 (28... Bh2+ $143 $2 29. Rxh2 Nxh2 30. Kxh2 Rxf1 31.
Rxc6+ Kb7 32. Rg6 Ra1 33. Be3 (33. c5 $6 Rg8) 33... Rxa2 34. Rxg7+ Kc6 35. g4 {
with a quick march of pawns on the >>.}) (28... Kd7 29. Rg6 Bh2+ 30. Rxh2 Nxh2
31. Rxg7+ Ke6 32. Kxh2 Rxf1 33. Rg6+ Kd7 $14) 29. g3 {Now the R on h3 is out
of play.} (29. Rxc6+ Kb7 (29... Kd7 30. Rg6 Be5) 30. Rg6 Be5 (30... Bh2+ $2 {
is again inferior because of} 31. Rxh2 Nxh2 32. Kxh2 Rxf1 33. Be3 Rg8 34. Rb6+
Kc7 35. Rxa6 $16) 31. f3 Rh6 $1 32. Rxh6 gxh6 33. fxg4 (33. Bf2 $2 Bh2+ $1 34.
Rxh2 Nxh2 35. Kxh2 Rxf1 {cannot be good for White.}) 33... Kxb6 34. Kf2 hxg4
35. Rb3+ Kc5 36. Ke2 Rd4 37. Ne3 Re4 $44) 29... Be5 30. Rxc6+ Kb7 31. Re6 Rh6
$1 {This is the correct way to bring the R into action.} (31... Rc1 32. a4 $1
Rxc4 33. a5 Rc1 34. Kg2 Rc2 (34... Rhc8 35. f3 R8c2+ 36. Kg1) 35. Nh2 $16) 32.
Rxh6 gxh6 33. Be3 (33. Bc5 Rc1 $1 (33... Ra1 34. f3) 34. f3 Rxc4 35. Bf2 (35.
fxg4 $2 hxg4) 35... Nxf2 36. Kxf2 Rc2+ 37. Ke3 Rxa2 38. Ke4 Bc7 $11) 33... Ra1
$44 34. Kg2 Rxa2 35. Kf3 (35. Rh1 $2 Nxf2 $1 36. Bxf2 Bd4 37. Kf3 Rxf2+ 38. Ke4
Bc5 $17) 35... Bc3 $6 (35... Bd6 {was the logical reply.} 36. Nd2 (36. Nh2 Nxe3
37. Kxe3 (37. fxe3 Kc6) 37... Bc5+ 38. Ke4 Rxf2 39. Nf3 a5 $15 {and Black has
a strong B in an open position and a strong remote o^ on a5.}) 36... Nxe3 37.
Kxe3 Bc5+ 38. Ke2 Bxf2 $1 39. Kxf2 Rxd2+ 40. Ke3 Rg2 {is also very comfortable
for Black.}) 36. Nh2 $1 Nxe3 (36... Ne5+ 37. Ke4 Kc6 38. Nf3 Nxc4 39. Rh1 Nxe3
40. Kxe3 (40. fxe3) 40... Bb4 $11) 37. Kxe3 Bb4 38. f4 Bc5+ $2 {This is
already a real mistake.} (38... Kc6 39. Nf3 Kc5 40. Ne5 Bc3 {was quite good
for Black.}) 39. Ke4 {Now White's K will be very active.} Ra3 (39... Kc6 40.
Nf3 Re2+ 41. Kf5 $16) 40. Nf3 Re3+ (40... Kc6 41. Ne5+ Kd6 42. Rh2 Re3+ 43. Kf5
$16) 41. Kd5 Bb4 $6 (41... Rxf3 {transposing for a R _|_ was the well-known
chance for a draw.} 42. Kxc5 Kc7 43. Kd5 a5 44. Rh2 Rxg3 45. Ra2 Rg4 46. Ke4
Rxh4 47. Rxa5 Rh1 $14) 42. Ne5 a5 (42... Be1 43. f5 $1 {This is the dangerous
o^.} (43. c5 Bxg3 44. Nc4 Rd3+ 45. Ke4 Rc3 46. Kd4 Rf3 47. Kd5 Rd3+) 43... Bc3
$1 (43... Rxg3 44. Rxg3 Bxg3 45. Ng6 $18) (43... Bxg3 $2 44. Ng6 $18) 44. Ng6
Rd3+ 45. Ke6 $1 (45. Ke4 Rd4+ 46. Ke3 Rxc4) 45... Re3+ (45... Kc6 46. f6 Re3+
47. Kf5 a5 48. Ne7+ Kd6 49. Nd5 Rd3 50. Nf4 Re3 51. Kg6 $18) 46. Kf7 Rf3 47.
Ne7 Kc7 48. Nd5+ Kd6 49. Nxc3 Rxc3 50. f6 Rxc4 51. Rh2 {finally the R comes
out of the prison!} a5 52. Kg6 Rg4+ 53. Kxh5 Rxg3 54. Rf2 Rg8 55. f7 Rf8 56.
Kxh6 a4 57. Kg7 $18) 43. Rh2 a4 (43... Rxg3 44. f5 Rg1 45. f6 Rd1+ 46. Ke6 Kc7
(46... Rd6+ 47. Kf5 Kc7 48. Rg2) 47. Rg2 $16) 44. Rb2 $1 Rb3 45. Rxb3 axb3 46.
Nd3 Be1 (46... Ba3 47. Ke6 b2 (47... Kc6 48. f5 b2 49. Nxb2 Bxb2 50. f6 $18)
48. Nxb2 Bxb2 49. f5 (49. Kf7) 49... Kc6 50. f6 Ba3 51. Kf5 Bf8 (51... Kd6 52.
Kg6) 52. Kg6) (46... Kc7 47. f5 Be1 (47... Bc3 48. Ke6 b2 49. Nxb2 Bxb2 50. f6
$18) 48. f6 Bxg3 49. f7 Bd6 50. c5 Be7 51. Kc4 Kd7 52. Kxb3 Ke6 53. c6 Bd6 (
53... Kd6 54. Ne5) 54. c7 Kd7 55. Kc4 Kxc7 56. Kd5 Kd7 57. Ne5+ $18) 47. f5 $2
{This is a serious mistake again.} (47. Nc5+ {was enough for a win, for
example:} Kc8 (47... Kc7 48. Nxb3 Bxg3 49. Nc5 $3 Bxh4 50. Ne6+ Kd7 51. Ng7 Bd8
52. Nxh5 $18) 48. Nxb3 Bxg3 49. f5 Bxh4 50. Ke6 Kc7 $1 51. Nc5 $3 (51. f6 $2
Bxf6 52. Kxf6 h4 $11) 51... Bg5 (51... Kc6 52. Ne4 Bd8 53. f6 Bxf6 54. Kxf6 h4
55. Ke5 h3 56. Kd4 $18) 52. f6 Bxf6 53. Kxf6 h4 54. Ne4 h3 55. Ke5 h2 56. Nf2
Kc6 57. Kd4 $18) 47... Bxg3 48. Ke6 (48. Nc5+ {already doesn't give an
advantage:} Kc7 49. Nxb3 Bxh4 50. Ke6 (50. Nc5 Bg5 51. Ke6 h4 52. f6 Bxf6 53.
Kxf6 h3 54. Ne4 h2 55. Nf2 Kc6 $11) 50... Bg5 51. f6 (51. Nd4 h4 52. Nf3 (52.
f6 Bxf6 $1) 52... h3 53. f6 Bxf6 $11) 51... Bxf6 52. Kxf6 h4 53. Nd2 h3 54. Nf1
Kd6 $11) (48. f6 Bxh4 49. f7 (49. Nc5+ Ka7 50. f7 b2 51. f8=Q b1=Q 52. Qf7+ Ka8
$11) 49... Be7 50. Nc5+ Bxc5 51. Kxc5 b2 52. f8=Q b1=Q $11) 48... Bxh4 $4 {
Black forgets about his K, the most important piece in the _|_.} (48... Kc6 {
was required not allowing White to promote both o^.} 49. f6 (49. Ke7 $2 Bxh4+
50. f6 Bxf6+ $3 51. Kxf6 h4) 49... Bd6 50. f7 Bf8 51. c5 Kc7 52. Kd5 Kd7 53.
Kc4 (53. c6+ Kc7 54. Nb2 Kb6) 53... Ke6 54. c6 (54. Kxb3 Kxf7 55. Kc4 Be7 56.
Ne5+ Ke6 57. Nf3 Bf6 58. Kb5 Kd5 59. c6 Bd8 $11) 54... Kd6 55. Kxb3 Kxc6 56.
Nf4 Kd7 57. Ng6 Ke6 $3 58. Nxf8+ Kxf7 59. Nd7 Ke6 60. Nc5+ Kf5 $11) 49. Kd7 $1
$18 {Now one of the o^ will become a Q.} Be7 (49... Bf6 50. c5 $18) 50. c5 1-0

[Event "FIDE World Cup-A"]
[Site "Hyderabad"]
[Date "2002.10.14"]
[Round "5"]
[White "Vescovi, Giovanni P"]
[Black "Macieja, Bartlomiej"]
[Result "1/2-1/2"]
[WhiteElo "2614"]
[BlackElo "2615"]
[Annotator "Lukacs,P"]
[PlyCount "85"]
[EventDate "2002.10.05"]
[EventType "tourn"]
[EventRounds "5"]
[EventCountry "IND"]
[EventCategory "16"]
[SourceTitle "CBM 092"]
[Source "ChessBase"]
[SourceDate "2003.02.06"]
[SourceVersion "1"]
[SourceVersionDate "2003.02.06"]
[SourceQuality "1"]

1. e4 c6 2. d4 d5 3. Nc3 dxe4 4. Nxe4 Bf5 5. Ng3 Bg6 6. h4 h6 7. Nf3 Nd7 8. h5
Bh7 9. Bd3 Bxd3 10. Qxd3 e6 11. Bf4 Ngf6 12. O-O-O Be7 13. Kb1 O-O 14. c4 b5 $5
{There is nothing wrong with this P sacrifice if it will be accepted. However
after the game continuation White has a big space advantage and chances for an
-> on the >>. The weakness of ><d5 certainly makes the game rather complex.} (
14... Qa5 {- Galliamova-Chiburdanidze, Europe-Tartarstan m 2001 CBM 85}) 15. c5
(15. cxb5 $143 cxb5 16. Qxb5 Nd5 $44 {and the opened lines give Black
sufficient compensation for the P not mentioning the wonderful N on d5.}) (15.
Ne5 $143 bxc4 16. Qxc4 Nxe5 17. dxe5 Nd5 {and the allmighty N is again on d5!}
18. Bc1 Qc7 19. f4 Rab8 20. Ne4 Rb4 21. Qc2 Rfb8 $15 {Visser-Fette, Groningen
1992}) 15... a5 {Black has no real attacking chances on the <<, but he can
still create some problems there.} (15... Nd5 16. Qd2 {White is happy if his B
will be exchanged by the excellent N on d5.} (16. Bd2 Qc7 (16... a5 17. Rhe1 (
17. Ne2 $5 {/\ g4 is the other typical plan.} a4 18. g4 a3 19. g5 $1 (19. b3) (
19. Qb3 $6 e5 20. Nxe5 Nxe5 21. dxe5 Bxc5 $15 {N.Medvegy-Fette, Open-Groningen
1999}) 19... hxg5 20. h6 g6 21. b3 $14) 17... a4 18. Ne4 {/\ g4 and again
White's attacking chances seem to be more real than Black's on the other flank.
} b4 19. g4 $40 {Plaskett-Theon, Jersey op ST Halier 2000}) 17. Ne2 $5 {
/\ g4 deserves attention as usual.} (17. Ne4 $143 N5f6 $15 {Lupu}) (17. Rhe1
$143 $2 {is not an important move in this structure.} Rad8 18. Ne4 (18. Qc2 a5
19. Ne4 N7f6 20. Nxf6+ Nxf6 21. Qc1 Rd5 {>< h5 may also become a target!} 22.
Bf4 Qb7 23. Be5 Rfd8 24. Rh1 a4 $15 {Himdan-Al Tamimi, Abu Dhabi 2002}) 18...
N5f6 $1 $17 {Moldvan- Lupu,ROM-ch Herculane 1998})) (16. Bc1 {and the B can
attack and defend without disturbing the other pieces.} b4 (16... Qc7 $5) 17.
Ne2 {/\ g4} Rb8 18. g4 Qa5 19. g5 hxg5 20. Nxg5 Bxg5 21. Bxg5 b3 22. a3 {
avoiding the opening of the lines on the <<.} e5 23. h6 g6 24. f4 $40 {Blatny})
16... a5 17. Ne4 N7f6 18. Nxf6+ Bxf6 19. Bd6 {Now the previously passive B has
found his right place.} Re8 20. Ne5 Bxe5 21. dxe5 {White has a big space
advantage now, although the N is still wonderful, but there is no room for
Black's heavy artillery.} a4 22. Rh3 Qa5 23. Qxa5 Rxa5 24. Rd4 $14 {
Renet-Lobron, Marseille 1989}) 16. Nf1 $6 (16. Ne2 $5) (16. Ne4 $6 {leads to
unnecessary exchanges after} Nxe4 17. Qxe4 Rc8 18. Ne5 Nf6 19. Qe2 Nd5 20. Bc1
Bg5 $5 $13 {Seirawan} (20... a4)) (16. Bc1 $1 {was the prophylactic retreat.}
a4 17. Ne2 {This is usually the best option for the N.} Qb8 $1 (17... Nd5 18.
Nf4 Nxf4 19. Bxf4 $14 {and the B is back again.}) (17... Ng4 $2 18. Rhf1 Ndf6 (
18... Qc8 19. Qe4 $1 Ndf6 20. Qf4 Bd8 21. Ne5 Nxe5 22. dxe5 Nd5 23. Qg3 $16)
19. Ne1 $1 {and the N has to retreat.} Nd5 20. f3 Ngf6 21. g4 $40) 18. Nf4 $1 {
First White has to improve his pieces, Black has no quick counterplay on the
<<.} (18. g4 $2 {now is not well-prepared.} Nxg4 19. Rdg1 f5 $1 {The N on g4
is the key for the defence.} (19... Nxf2 $2 {is met by the cold-blooded} 20.
Qc2 $3 Nxh1 {and now} 21. Bxh6 {looks devastating, for example:} Bf6 22. Nf4
Rd8 23. Bxg7 Bxg7 24. Nxe6 fxe6 $2 25. Rxg7+ $18) 20. Nf4 $1 (20. Rg2 a3 $5 21.
b3 e5 $1) 20... Rf7 $1 (20... Nxf2 $2 {is again too greedy:} 21. Qc2 $1 Nxh1
22. Nxe6 Rf7 23. Bxh6 Bf6 24. Bf4 Qc8 25. h6) 21. Qe2 {(Ivanchuk-Seirawan,
Novi Sad ol 1990 )} Nf8 $1 22. Nxe6 Bf6 23. Nxf8 Qxf8 $13) 18... Rd8 19. Qc2 b4
20. Qc4 Nd5 21. Nxd5 exd5 22. Qd3 $16 {Seirawan}) 16... Nd5 $13 17. Bh2 {
leaving the c1-h6 /^ diminishes White's attacking chances.} (17. Bc1 a4 {
and the N on f1 is not so impressive as on e2.}) 17... Rc8 {This looks a bit
too cautious.} (17... b4 18. Ne3 a4 $132 {looked OK.}) 18. Ne3 N7f6 19. Be5 {
The B is active here, but the standard -> by g4 is still waiting.} a4 20. Rhg1
{/\ g4, so Black has to react in the [+].} Nxe3 (20... Nxh5 $2 {opening the
lines against his own K is not wise.} 21. Nxd5 Qxd5 22. g4 Nf6 23. g5 $18) (
20... b4 $2 {is now late:} 21. g4 a3 22. g5 $1 hxg5 23. Nxg5 b3 24. Nxd5 $18)
21. fxe3 Qd5 22. Bxf6 Bxf6 23. Rh1 (23. e4 Qxh5 24. g4 Qg6 {and White has some
compensation for the P}) 23... Qf5 24. e4 Qg4 25. e5 Be7 {White has still the
space advantage, but >< d5 and d4 are rather weak.} 26. Rde1 f5 {Black wants
to create some active counterplay now.} (26... Rfd8 {deserved attention
putting pressure on >< d4.} 27. Re4 Qf5 (27... Qxg2 $5 28. Rg1 Qh3 (28... Qf2
29. Reg4) 29. Reg4 Bf8 $15) 28. g4 Qh7 29. Qe3 Rd5) 27. exf6 Bxf6 (27... Rxf6
28. Ne5) 28. Qe4 Qxe4+ 29. Rxe4 Rfe8 30. Rhe1 Kf7 {Black has nothing to fear
in the _|_, White has weaknesses in his P structure.} 31. Kc2 {/\ Kb3-b4-a5-b6
targeting Black's hidden weakness.} Rcd8 32. Kc3 Rd5 33. Kb4 $1 {The K march
gives White enough counterplay.} Rxh5 34. Ka5 Rd5 (34... Bd8+ 35. Ka6) 35. Kb6
Rdd8 $1 36. Ne5+ (36. Kxc6 Rb8 $1 37. Kd6 Red8+ 38. Kc7 Rdc8+ $11 {and a mate
is not easy!}) 36... Bxe5 37. Rxe5 Rc8 (37... Rxd4 38. Kxc6 b4 39. R1e2 a3) 38.
R5e2 {Black is a P up, but in the R ending the passivity deprives him to
convert it.} Kf6 39. b3 Rb8+ 40. Kxc6 Rec8+ 41. Kd6 Rd8+ 42. Kc6 Rdc8+ 43. Kd6
1/2-1/2